Una acción civil = A Civil Action /

Segundo largometraje dirigido por Steven Zaillian, cineasta norteamericano más conocido en su faceta de guionista, centrado en el caso real de una serie de muertes infantiles por leucemia en Woburn, Massachusetts, Estados Unidos, causadas por los desechos tóxicos que tres compañías vertieron en la r...

Szczegółowa specyfikacja

Zapisane w:
Opis bibliograficzny
1. autor: Zaillian, Steven (realización)
Kolejni autorzy: Zaillian, Steven (guión) (guión), Hall, Conrad L. (fotógrafo) (fotógrafo), Wahrman, Wayne (montaje) (montaje), Elfman, Danny (música) (música), Travolta, John (actuación) (actuación), Duvall, Robert (actuación) (actuación), Shalhoub, Tony (actuación) (actuación)
Format: Diapozytyw
Język:angielski
Wydane: Burbank, EUA : Los Angeles, EUA : Touchstone Pictures ; Paramount Pictures, 1998, c1998
Hasła przedmiotowe:
Etykiety: Dodaj etykietę
Nie ma etykietki, Dołącz pierwszą etykiete!

MARC

LEADER 00000ngm^a2200000^a^4500
001 000171374
005 20250521000000.0
009 20260310101341.642
037 |a Acervo ITESO - Biblioteca 
041 |a ING 
082 |a 810.  |b ZAI 
100 |a Zaillian, Steven  |e (realización) 
240 1 1 |a [Demanda civil. Adaptaciones] 
240 1 1 |a [Demanda civil, de Jonathan Harr] 
240 1 5 |a [Una acción civil] 
245 1 4 |a Una acción civil =  |b A Civil Action /  |c Realización de S. Zaillian. 
264 4 |a Burbank, EUA :  |b Touchstone Pictures ;  |a Los Angeles, EUA :  |b Paramount Pictures,  |c 1998, c1998 
264 2 |a México :  |b Paramount Pictures [distribución],  |c 2001, c2001 
300 |a 1 DVD región 4  |c (115 min.) 
336 |a imagen móvil bidimensional  |b tdi  |2 rdacontenido 
337 |a video  |b v  |2 rdamedio 
338 |a videodisco  |b vd  |2 rdasoporte 
500 |a Basado en: Demanda civil, de Jonathan Harr 
520 |a Segundo largometraje dirigido por Steven Zaillian, cineasta norteamericano más conocido en su faceta de guionista, centrado en el caso real de una serie de muertes infantiles por leucemia en Woburn, Massachusetts, Estados Unidos, causadas por los desechos tóxicos que tres compañías vertieron en la red del suministro de agua potable del lugar. Basada en un libro de Jonathan Harr, tiene como protagonista a un litigante caro, cínico y egocéntrico, quien en un inicio descarta el caso como un asunto perdido, pero después descubrirá el potencial financiero de la situación y finalmente, lo tomará como una obsesión, expresiva tanto de sus más banales determinaciones económicas como de su necesidad de una redención ética. 
546 |a En inglés, con subtítulos opcionales: español, inglés, portugués 
546 |a Doblaje opcional: español, portugués 
649 |a XX 
650 |a Abogados en el Cine 
650 |a Abogados Norteamericanos -  |x Biografías -  |x Adaptaciones para Cine 
650 |a Empresa y Medio Ambiente -  |z EUA 
650 |a Cine Social y Político 
650 |a Dramas Cinematográficos 
650 |a Cine Norteamericano -  |y 1990-1999 
650 |a Cine Norteamericano -  |y Siglo XX 
650 |a Agua Potable -  |x Contaminación  |z Woburn, EUA -  |x Tema Principal 
650 |a Agua Potable -  |x Contaminación  |z EUA 
650 |a Investigación del Delito -  |z EUA 
650 |a Delitos Ambientales -  |z EUA 
650 |a Delitos contra la Salud -  |z EUA 
650 |a Juicios Penales -  |z EUA -  |x Historia -  |y 1981-1989 
650 |a Juicios Penales -  |z EUA -  |x Historia -  |y Siglo XX 
650 |a Derecho Ambiental -  |z EUA -  |x Tema Principal 
650 |a Derecho Procesal Penal -  |z EUA 
650 |a Schlichtmann, Jan -  |x Tema Principal 
700 |a Zaillian, Steven  |e (guión) 
700 |a Hall, Conrad L.  |e (fotógrafo) 
700 |a Wahrman, Wayne  |e (montaje) 
700 |a Elfman, Danny  |e (música) 
700 |a Travolta, John  |e (actuación) 
700 |a Duvall, Robert  |e (actuación) 
700 |a Shalhoub, Tony  |e (actuación) 
910 |a Fondo General 
920 |a Audiovisuales - DVDs 
940 |a Películas 
905 |a 302 
901 |a 0500093889  |b IT2  |c DVS  |u 20250521 
902 |a https://opac.biblio.iteso.mx/vufind/Record/000171374